| 000 -LEADER |
| fixed length control field |
00867nam a2200217Ia 4500 |
| 001 - CONTROL NUMBER |
| control field |
16088 |
| 003 - CONTROL NUMBER IDENTIFIER |
| control field |
GE_BSU |
| 005 - DATE AND TIME OF LATEST TRANSACTION |
| control field |
20241210110958.0 |
| 008 - FIXED-LENGTH DATA ELEMENTS--GENERAL INFORMATION |
| fixed length control field |
181216s1983||||ge |||||||||||||| ||geo|| |
| 040 ## - CATALOGING SOURCE |
| Transcribing agency |
GE_BSU |
| 041 ## - LANGUAGE CODE |
| Language code of text/sound track or separate title |
geo |
| 080 ## - UNIVERSAL DECIMAL CLASSIFICATION NUMBER |
| Universal Decimal Classification number |
316 Р-11 |
| 245 ## - TITLE STATEMENT |
| Title |
Рабочая книга социолога / |
| Statement of responsibility, etc. |
Редкол. Осипов Г. В. ; Отв. ред. Гвишиани Д. М., Руткевич М. Н. и др. |
| 250 ## - EDITION STATEMENT |
| Edition statement |
2-е изд.перер. и доп. |
| 264 ## - PRODUCTION, PUBLICATION, DISTRIBUTION, MANUFACTURE, AND COPYRIGHT NOTICE |
| Place of production, publication, distribution, manufacture |
Москва : |
| Name of producer, publisher, distributor, manufacturer |
Наука, |
| Date of production, publication, distribution, manufacture, or copyright notice |
1983. |
| 300 ## - PHYSICAL DESCRIPTION |
| Extent |
477 стр. ; |
| Other physical details |
табл. |
| 500 ## - GENERAL NOTE |
| General note |
Библиогр. стр.451ю Указ. осн. обозн. стр. 456. Кратк. словарь терминов. стр. 457. Предм. указ. стр. 469 |
| 653 ## - INDEX TERM--UNCONTROLLED |
| keyword |
Рабочая книга социолога |
| 653 ## - INDEX TERM--UNCONTROLLED |
| keyword |
Социология |
| 942 ## - ADDED ENTRY ELEMENTS (KOHA) |
| Koha item type |
წიგნი |
| Source of classification or shelving scheme |
|